000 01241nam a2200349 i 4500
001 768714001
003 CO-MdFUSB
005 20231020155617.0
007 ta
008 220805t1996 sp |||| |||| 00| 0 spa d
020 _a8441305137
040 _aCO-MdFUSB
_bspa
_cCO-MdFUSB
_dCO-MdFUSBC
_erda
041 _aspa
082 _223
_a330.122
_bSCH392
100 _aSchumpeter, Joseph Alois,
_eautor
240 _aCapitalism, socialism, and democracy
245 _aCapitalismo, socialismo y democracia
_c/ Joseph Alois Schumpeter
264 1 _aMadrid, España :
_bFolio,
_c[1996]
264 4 _c©1996
300 _a2 tomos
_c; 21 cm
336 _2rdacontent
_atexto
_btxt
337 _2rdamedia
_asin mediación
_bn
338 _2rdacarrier
_avolumen
_bnc
490 _aBiblioteca de Economía
505 _tTomo I: Primera parte: La teoría de Marx
_tSegunda parte: ¿Puede sobrevivir el capitalismo?
_tTercera parte: ¿Puede funcionar el socialismo?
_tTomo II: Cuarta parte: Socialismo y democracia.
_tQuinta parte: Bosquejo histórico delos partidos socialistas.
563 _aPasta dura
650 7 _2embne
_92451
_aCapitalismo
650 7 _9123
_aDemocracia
653 _aSocialismo
942 _cBK
945 _aJTF-925
999 _c68044
_d68044